|
|
|
|
| LEADER |
00000nam0a2200000 4500 |
| 001 |
123623 |
| 005 |
20231031130526.0 |
| 035 |
|
|
|a (RuTPU)RU\TPU\book\133807
|
| 090 |
|
|
|a 123623
|
| 100 |
|
|
|a 20071022d1973 km y0rusy50 ca
|
| 101 |
0 |
|
|a rus
|
| 102 |
|
|
|a RU
|
| 105 |
|
|
|a y g 001zy
|
| 200 |
1 |
|
|a Расчеты по технологии керамики
|e справочное пособие
|f Ю. Г. Дудеров, И. Г. Дудеров
|
| 210 |
|
|
|a Москва
|c Стройиздат
|d 1973
|
| 215 |
|
|
|a 80 с.
|
| 320 |
|
|
|a Библиогр.: с. 80.
|
| 610 |
1 |
|
|a химическая технология
|
| 610 |
1 |
|
|a керамика
|
| 610 |
1 |
|
|a химический состав
|
| 610 |
1 |
|
|a влажность
|
| 610 |
1 |
|
|a сырьевые материалы
|
| 610 |
1 |
|
|a шихта
|
| 610 |
1 |
|
|a керамические массы
|
| 610 |
1 |
|
|a глазури
|
| 610 |
1 |
|
|a свойства
|
| 610 |
1 |
|
|a расчет
|
| 610 |
1 |
|
|a справочники
|
| 675 |
|
|
|a 666.3(035)
|v 3
|
| 700 |
|
1 |
|a Дудеров
|b Ю. Г.
|g Юрий Григорьевич
|
| 701 |
|
1 |
|a Дудеров
|b И. Г.
|g Игорь Григорьевич
|
| 801 |
|
1 |
|a RU
|b 63413507
|c 20071022
|g PSBO
|
| 801 |
|
2 |
|a RU
|b 63413507
|c 20201203
|g PSBO
|
| 942 |
|
|
|c BK
|